LEADER 01285nam0 22003131i 450 001 SUN0025066 005 20180724094037.976 010 $a88-445-0058-2 100 $a20040930d1994 |0itac50 ba 101 $aita 102 $aIT 105 $a|||| ||||| 200 1 $aˆGli ‰aztechi$eil tragico destino di un impero$fSerge Gruzinski 210 $a[Torino]$cElecta$aGallimard$d1994 215 $a200 p.$cill.$d18 cm. 410 1$1001SUN0024525$12001 $aUniversale Electa/Gallimard$v45$1210 $aMilano$cElecta Gallimard. 454 1$1001SUN0078629$12001 $aˆLe ‰destin bris de l'empire aztque$91400389 606 $aAztechi$2FI$3SUNC011481 620 $dTorino$3SUNL000001 676 $a972.018$v21 700 1$aGruzinski$b, Serge$3SUNV021067$0143591 712 $aGallimard$3SUNV000332$4650 712 $aElecta$3SUNV008644$4650 801 $aIT$bSOL$c20181109$gRICA 912 $aSUN0025066 950 $aBIBLIOTECA DEL DIPARTIMENTO DI ARCHITETTURA E DISEGNO INDUSTRIALE$d01 PREST IAa68(16) $e01 3146 995 $aBIBLIOTECA DEL DIPARTIMENTO DI ARCHITETTURA E DISEGNO INDUSTRIALE$bIT-CE0107$h3146$kPREST IAa68(16)$op$qa 996 $aDestin bris de l'empire aztque$91400389 997 $aUNICAMPANIA LEADER 02076oam 2200661I 450 001 9910786940603321 005 20230803030602.0 010 $a1-136-65817-3 010 $a0-203-58430-9 010 $a1-136-65810-6 024 7 $a10.4324/9780203584309 035 $a(CKB)2670000000390367 035 $a(EBL)1251045 035 $a(OCoLC)852758599 035 $a(SSID)ssj0001043966 035 $a(PQKBManifestationID)11589848 035 $a(PQKBTitleCode)TC0001043966 035 $a(PQKBWorkID)11076007 035 $a(PQKB)10712350 035 $a(OCoLC)856570422 035 $a(MiAaPQ)EBC1251045 035 $a(Au-PeEL)EBL1251045 035 $a(CaPaEBR)ebr10729830 035 $a(CaONFJC)MIL503899 035 $a(OCoLC)802325582 035 $a(FINmELB)ELB141358 035 $a(EXLCZ)992670000000390367 100 $a20180706d2013 uy 0 101 0 $aeng 135 $aur|n|---||||| 181 $ctxt 182 $cc 183 $acr 200 00$aHuman security in Turkey $echallenges for the 21st century /$fedited by Alpaslan Ozerdem and Fusun Ozerdem 210 1$aAbingdon, Oxon :$cRoutledge,$d2013. 215 $a1 online resource (252 p.) 225 0 $aSecurity and conflict management ;$v10 300 $aDescription based upon print version of record. 311 $a0-415-81073-6 320 $aIncludes bibliographical references and index. 327 $apt. 1. Democratization and social cohesion -- pt. 2. Turkey as an agent of peace and security. 410 0$aRoutledge Studies in Security and Conflict Management 606 $aHuman security$zTurkey 606 $aHuman rights$zTurkey 606 $aCivil society$zTurkey 615 0$aHuman security 615 0$aHuman rights 615 0$aCivil society 676 $a355/.0330561 701 $aOzerdem$b Alpaslan$0880989 701 $aOzerdem$b Fusun$01491447 801 0$bMiAaPQ 801 1$bMiAaPQ 801 2$bMiAaPQ 906 $aBOOK 912 $a9910786940603321 996 $aHuman security in Turkey$93713266 997 $aUNINA